[Event "Asian Zonal 3.2 2019"]
[Site "Dhaka"]
[Date "2019.03.20"]
[Round "2.1"]
[White "Rahman, Ziaur"]
[Black "Rahman, Taibur"]
[Result "1-0"]
[WhiteElo "2489"]
[BlackElo "2226"]
[Annotator "TA"]
[PlyCount "137"]
[EventDate "2019.03.14"]
[EventType "swiss"]
[EventCountry "BAN"]
[SourceTitle "playchess.com"]
[Source "ChessBase"]
[SourceQuality "1"]

{[%evp 20,137,8,22,18,12,37,22,16,25,49,38,40,39,31,23,25,15,20,0,0,0,24,27,25,25,28,7,8,0,10,10,14,8,17,5,19,0,0,0,23,0,0,0,23,6,23,23,23,0,0,0,0,0,0,0,0,0,0,0,39,0,8,8,8,8,8,0,8,0,8,8,8,8,8,8,8,8,19,8,8,8,25,20,76,19,19,19,19,19,19,19,19,19,290,308,249,0,0,19,38,38,203,19,19,0,19,0,19,19,697,691,653,621,1852,1752,1658,1579,29979,6836]} 1. Nf3 Nf6 2. g3 d5 3. Bg2 e6 4. O-O c5 5. c4 Nc6 6. d4 dxc4 7. dxc5 Qxd1 8. Rxd1 Bxc5 9. Nbd2 c3 10. bxc3 O-O 11. Nb3 Be7 {E04: Open Catalan: 5 Nf3} 12. Nfd4 (12. c4 Bd7 13. Bb2 Rfd8 14. Nfd4 Rab8 15. Nxc6 Bxc6 16. Rxd8+ Rxd8 17. Bxc6 bxc6 18. Bxf6 Bxf6 19. Rc1 g5 20. c5 Kf8 {1-0 (36) Giri,A (2780)-Wojtaszek,R (2749) Shenzhen 2018}) 12... Rd8 {[#] Threatens to win with ...e5.} 13. Bg5 Bd7 {The position is equal.} 14. Bxf6 gxf6 15. Nxc6 Bxc6 16. Bxc6 bxc6 17. e4 Kf8 $146 ({Predecessor:} 17... Rab8 18. Kf1 Kf8 19. Ke2 Ke8 20. f4 a5 {½-½ (36) Abdala,H (2205)-Molo,R (2301) ICCF email 2006}) 18. Kg2 Ba3 19. Na5 Bb2 20. Nxc6 Bxa1 (20... Rdc8 {seems wilder.} 21. Rab1 Bxc3 22. Rd6 Rc7 23. Rb3 Ba1) 21. Nxd8 Bxc3 $11 {[%mdl 4096] Endgame KRB-KRN} 22. Nc6 a5 23. Rd3 Bb4 24. Rd4 Ra6 25. Rc4 Rb6 26. Kf3 Ke8 27. Nd4 Kd7 28. h4 Bd6 29. Nb3 Bb4 30. Nd4 Bd6 31. Nb3 Bb4 32. Nc5+ Kd6 33. Nd3 Kd7 34. Ke2 Rc6 35. Rd4+ Rd6 36. Rc4 Rc6 37. Rxc6 Kxc6 {KB-KN} 38. a4 Bc5 39. Kf3 Bd4 40. Kf4 Bc5 41. g4 ({Of course not} 41. Nxc5 Kxc5 42. e5 fxe5+ 43. Kg5 Kb4 $17) 41... Bd6+ 42. Ke3 Bc5+ 43. Ke2 Bd6 44. f4 Bc7 45. Kf3 Bd6 46. h5 Bc7 47. Ke3 Bb6+ 48. Kd2 Bc7 49. f5 Bd6 50. Kc3 Bc7 51. Kc4 Bd6 (51... Bg3 $11 {keeps the balance.}) 52. Ne1 (52. Kd4 $16) 52... Bf4 53. Nf3 e5 $1 54. Ne1 Be3 55. Nd3 Bd4 56. Nc1 Be3 $2 {[%mdl 8192]} (56... Bf2 $11) 57. Nb3 $18 Bb6 58. Na1 $2 (58. Kd3 $18) 58... Bd4 $11 59. Nc2 Bc5 60. Kd3 Kd6 $2 {[#]} (60... Kc7 $14) 61. Kc3 $2 (61. Ne1 $1 $18) 61... Kc7 62. Kc4 Kc6 $1 63. Ne1 Be3 64. Kd3 Bf2 $2 {[%mdl 8192]} (64... Bh6 $11) 65. Nf3 $18 Kd6 66. Kc4 Kc6 67. g5 fxg5 68. Nxg5 f6 69. Nxh7 {Accuracy: White = 49%, Black = 47%.} 1-0

[Event "Asian Zonal 3.2 2019"]
[Site "Dhaka"]
[Date "2019.03.20"]
[Round "2.2"]
[White "Subrota, Biswas"]
[Black "Mollah Abdullah, Al Rakib"]
[Result "0-1"]
[WhiteElo "2184"]
[BlackElo "2460"]
[Annotator "TA"]
[PlyCount "88"]
[EventDate "2019.03.14"]
[EventType "swiss"]
[EventCountry "BAN"]
[SourceTitle "playchess.com"]
[Source "ChessBase"]
[SourceQuality "1"]

{[%evp 18,88,22,13,64,44,54,47,52,62,62,68,76,77,90,91,94,37,35,0,0,0,0,-46,-55,-67,-37,-48,-14,-40,-46,-60,-29,-45,-36,-193,-206,-198,-199,-195,-115,-172,-173,-383,-368,-455,-335,-102,-295,-422,-413,-391,0,0,0,-418,-418,-419,-416,-637,-666,-5720,-181,-146,34,40,40,-256,-225,-269,-258,-29996,-29997]} 1. d4 {[%cal Bd2d4,Bd4d5][%mdl 32]} Nf6 2. Bg5 Nc6 (2... d5 3. Bxf6 exf6 4. e3 Be6 5. Nd2 c6 6. Ngf3 b5 7. a4 b4 8. a5 Bd6 9. c4 bxc3 10. bxc3 O-O 11. Be2 f5 12. O-O Nd7 13. Qa4 c5 {0-1 (41) Duda,J (2738)-Rapport,R (2731) Wijk aan Zee 2019}) 3. f3 e5 4. d5 Ne7 5. e4 Ng6 6. Be3 $146 {A45: Trompowsky Attack} ({Predecessor:} 6. h4 h6 7. Be3 Nh5 8. Bf2 Bb4+ 9. c3 Ba5 {1-0 (31) Stefanova,A (2481)-Barthel,A (2182) Differdange 2007}) 6... Bb4+ 7. c3 Ba5 8. Na3 Bb6 9. Bxb6 axb6 10. d6 {LiveBook: 7 Games} c6 (10... O-O $1 $11) 11. Nc4 b5 12. Ne3 Nf8 13. Bd3 Ne6 14. Bc2 g6 15. Qd2 b6 16. Nh3 Ba6 17. g3 (17. b4 $16) 17... b4 $14 18. f4 exf4 $1 19. gxf4 Nh5 {...Qh4+ is the strong threat.} 20. Qf2 bxc3 21. bxc3 O-O 22. Rg1 $1 Kh8 {With the idea ...Nc5.} 23. O-O-O Bb5 24. Bb1 Ra4 25. f5 Nc5 26. c4 $2 (26. Rd4 $1 $15) 26... Qf6 $1 $19 27. cxb5 Qc3+ 28. Nc2 {Hoping for Qe3.} Qxh3 (28... Nxe4 29. Qe3 $14) (28... Rc4 $1 $19 29. Ng5 Qa3+ 30. Kd2 Qc3+ 31. Kc1 Qa3+ 32. Kd2 Qc3+ 33. Kc1) 29. fxg6 (29. Qe3 $17 {might work better.} Qxh2 30. bxc6) 29... Rc4 $40 {[%mdl 128] Black attacks with force.} (29... Nxe4 30. Qe3 $15) (29... Rxe4 30. Qxf7 Nb3+ 31. axb3 hxg6 32. Qxf8+ Kh7 33. Qf7+ Kh8 34. Rxg6 Qe3+ 35. Nxe3 Rc4+ 36. bxc4 cxb5 37. Rh6#) (29... cxb5 30. g7+ Nxg7 31. Qf6 $11) (29... hxg6 30. Rxg6 Nxe4 31. Qf1 $11) 30. Rg3 $2 (30. g7+ Nxg7 31. Qg3 Qh6+ 32. Qg5 Qxg5+ 33. Rxg5) 30... Nxg3 31. Qf6+ Kg8 32. gxf7+ Rxf7 33. Qd8+ (33. Qg5+ $142 Rg7 34. Qd8+ Kf7 35. Qe7+ Kg6 36. Qe8+ Kh6 37. hxg3) 33... Rf8 34. Qg5+ Kh8 35. Qe5+ Kg8 36. Qg5+ {[#]} Kf7 $1 37. hxg3 Nxe4 38. Qe7+ (38. Qe5 $142 Qe6 39. Rf1+ Nf6 40. Qxe6+ Kxe6 41. Kb2) 38... Kg8 39. bxc6 Qh6+ $2 (39... Qxg3 {[%cal Rg3a3]} 40. Qxe4 Rxe4) 40. Kb2 Qg7+ $2 ({Better is} 40... Nf2 $17 41. Rd4 Rxd4 42. Nxd4 Qd2+ 43. Kb3 Nd3 44. cxd7 Qb4+ 45. Kc2 Ne1+ 46. Kc1 Qc3+ 47. Kd1 Qxd4+ 48. Kxe1 Qg1+ 49. Kd2 Rf2+ 50. Ke3 (50. Kc3 $2 Rf3+ 51. Kd2 Qd4+ 52. Ke1 Re3+ 53. Qxe3 Qxe3+ $19) 50... Qe1+ 51. Kd4 Qb4+ 52. Kd5 Qb5+ 53. Kd4 Qb4+ 54. Kd5 Qc5+ 55. Ke4 Qf5+ 56. Ke3 Qf3+ 57. Kd4 Rd2+ 58. Ke5 Qxg3+ 59. Ke6 Qh3+ 60. Kf6 Rf2+ 61. Ke5 Qc3+ 62. Ke4 Re2+ 63. Kf4 Qc1+ 64. Kg4 Qg1+ 65. Kh5 Rh2+ 66. Qh4 Qc5+ 67. Kg4 Qc4+ 68. Kf5 Qxh4 69. d8=B Qxd8 70. Ke5 Re2+ 71. Kd5 Qc8 72. Be4 Qa8+ 73. Kc4 Qxe4+ 74. Kc3 Rc2+ 75. Kb3 Qc4+ 76. Ka3 Rxa2#) 41. Qxg7+ $14 Kxg7 42. Ne3 $2 {[%mdl 8192] [#]} (42. cxd7 $14 {keeps the upper hand.} Nc5 43. Ne3 Rb4+ 44. Kc3) 42... Rb4+ $1 $19 43. Ka1 {Strongly threatening c7.} ({But not} 43. Ka3 $2 Rb5 $19) 43... Nc3 {( -> ...Ra8)} ({Resist} 43... dxc6 44. Nf5+ Rxf5 45. d7 $17) 44. c7 $2 (44. Rc1 $19 Nxb1 45. Nd5) 44... Ra8 {Precision: White = 33%, Black = 51%.} 0-1

[Event "Asian Zonal 3.2 2019"]
[Site "Dhaka"]
[Date "2019.03.20"]
[Round "2.3"]
[White "Hossain, Enamul"]
[Black "Rahman, Syed Mahfuzur"]
[Result "1-0"]
[WhiteElo "2438"]
[BlackElo "2202"]
[Annotator "TA"]
[PlyCount "49"]
[EventDate "2019.03.14"]
[EventType "swiss"]
[EventCountry "BAN"]
[SourceTitle "playchess.com"]
[Source "ChessBase"]
[SourceQuality "1"]

{[%evp 16,49,43,0,77,59,42,58,153,150,150,144,165,154,160,148,145,153,143,152,203,190,412,223,212,213,583,578,776,616,610,527,543,518,847,828]} 1. e4 e5 2. Nf3 Nc6 3. Bb5 a6 4. Ba4 Nf6 5. O-O b5 6. Bb3 d6 7. Ng5 d5 8. exd5 Nd4 9. Re1 Nxb3 {C78: Ruy Lopez: Archangelsk and Möller Defences} (9... Bc5 $11) (9... Bc5 10. c3 Nxb3 11. Rxe5+ Kf8 12. axb3 Bxf2+ 13. Kf1 Ng4 14. d4 h6 15. Nf3 Nxe5 16. dxe5 Ba7 17. Qd3 {½-½ (48) Sobry,S (2157)-Struzka,V (2193) ICCF email 2015}) 10. Rxe5+ Be7 11. axb3 Ng4 $146 ({Black should try} 11... O-O $1 $14) ({Predecessor:} 11... O-O 12. d4 Ng4 13. Rxe7 Qxe7 14. h3 Nf6 15. c4 Bb7 16. Nc3 {½-½ (40) Sorcinelli,A (1722)-Polo,A (1537) Ozieri 2014}) 12. Re1 $16 Qxd5 13. Nf3 Qd6 14. Nc3 Bb7 15. h3 Nf6 16. Qe2 b4 17. Na4 Rd8 (17... Bxf3 $16 18. Qxf3 (18. gxf3 O-O $14) 18... O-O) 18. d4 $18 Ne4 $2 (18... Qe6 19. Qxe6 fxe6) 19. Nc5 (19. Ng5 $142 Qxd4 20. Nxe4 Qxe4 21. Qxe4 Bxe4 22. Rxe4) 19... Nxc5 20. dxc5 Qxc5 $2 {[#]} (20... Qe6 21. Qxe6 fxe6) 21. Ra5 $3 {[%mdl 512] White is clearly winning.} Bxf3 (21... Qxa5 22. Qxe7#) 22. gxf3 ({Stronger than} 22. Rxc5 Bxe2 23. Re5 (23. Rxe2 Rd1+ 24. Kh2 Kd7 $17) 23... Rd1 $11) 22... Qd6 23. Bf4 Qg6+ 24. Kh2 {[%csl Ge1][%cal Re2e7]} Rd7 (24... O-O $142 25. Qxe7 {[%mdl 64] Double Attack} Qxc2) 25. Rxa6 {Accuracy: White = 72%, Black = 26%.} 1-0

[Event "Asian Zonal 3.2 2019"]
[Site "Dhaka"]
[Date "2019.03.20"]
[Round "2.4"]
[White "Mohammad, Javed"]
[Black "Reefat, Bin-Sattar"]
[Result "0-1"]
[WhiteElo "2151"]
[BlackElo "2419"]
[Annotator "TA"]
[PlyCount "81"]
[EventDate "2019.03.14"]
[EventType "swiss"]
[EventCountry "BAN"]
[SourceTitle "playchess.com"]
[Source "ChessBase"]
[SourceQuality "1"]

{[%evp 13,81,-10,-10,-4,0,0,0,-10,-17,-88,-70,-67,-66,-77,-79,-69,-50,-76,-89,-152,-154,-150,-150,-158,-157,-162,-108,-111,-106,-91,-118,-158,0,0,47,69,63,0,0,0,0,0,441,374,524,512,500,500,459,471,1131,1112,1087,1063,1031,980,979,954,908,839,1167,1135,1137,712,629,239,410,390,360,357]} 1. e4 e6 2. d4 d5 3. e5 c5 4. c3 Nc6 5. Nf3 Bd7 6. a3 c4 7. Be2 Na5 8. Nbd2 {C02: French: Advance Variation} Bc6 9. O-O Qd7 10. b3 {The position is equal.} cxb3 11. c4 (11. Nxb3 $11 {remains equal.} Ba4 12. Nfd2) 11... Ba4 12. Bb2 Ne7 13. Rc1 $146 ({Predecessor:} 13. Qe1 Rc8 14. Rc1 b6 15. Bd3 dxc4 16. Nxc4 {0-1 (39) Gardiner,E (1936)-Moreby,J (2158) Harrogate 2017}) 13... b6 14. Bd3 Rc8 15. Ng5 {[#] And now Qf3 would win.} h6 $1 {[%cal Rh6g5]} 16. Qh5 (16. Ngf3 $142) 16... g6 $17 17. Qh3 Bg7 18. Ngf3 O-O 19. Rfe1 Rc7 (19... Bc6 $19 20. g4 Rb8) 20. cxd5 Nxd5 21. Rxc7 Qxc7 22. Rc1 Qxc1+ $2 (22... Qd7 $17 23. g3 Rc8 24. Rxc8+ Qxc8) 23. Bxc1 $11 {Black must now prevent Nf1.} Rc8 (23... Nf4 $5 {[%cal Rf8c8]} 24. Qh4 Nxd3 25. Nxb3 g5 26. Bxg5 hxg5 27. Nxg5 Rc8 28. Qh7+ Kf8 29. Qxd3 Bxb3 $16) 24. Nxb3 $1 ({Not} 24. Bb2 $2 Nf4 $19) 24... Nxb3 25. Bxh6 (25. Be3 $1 $14) 25... Bxh6 26. Qxh6 $40 {[%mdl 128] h4 is the strong threat. White is up to no good.} Rc1+ 27. Bf1 {Hoping for g3.} Nc3 $2 {[%mdl 8192]} (27... Bb5 $1 $11 {and Black is okay.} 28. Qxc1 Nxc1 29. Bxb5 Nc3) 28. h4 $18 {aiming for Ng5.} Bb5 (28... Ne2+ $142 29. Kh2 Rxf1) 29. Ng5 {Threatening mate with Qh7+.} Rxf1+ 30. Kh2 {Qh7+ would kill now.} Rxf2 31. h5 Bd3 (31... Nxd4 $142 32. hxg6 fxg6) 32. hxg6 Bxg6 {[#]} 33. Nxe6 $1 {[%mdl 576] Deflection} fxe6 34. Qxg6+ {[%mdl 64] Double Attack} Kf8 35. Qh6+ Kf7 36. Qe3 Rc2 37. Qf3+ Ke8 38. d5 Nxd5 39. Qxb3 $2 (39. Qh5+ Kd8 40. Qh8+ Kd7 41. Qh7+ {[%mdl 64] Double Attack} Ne7 42. Qxc2) 39... Rd2 $2 (39... Rc7 40. Qh3 Kd7 41. Qh7+ Kc6) 40. Qa4+ Kd8 41. Qxa7 {[%mdl 32768] Accuracy: White = 54%, Black = 49%. . Loss on time!?} 0-1

[Event "Asian Zonal 3.2 2019"]
[Site "Dhaka"]
[Date "2019.03.20"]
[Round "2.5"]
[White "Thilakarathne, G M H"]
[Black "Hossain, Showkat Pollab"]
[Result "0-1"]
[WhiteElo "2417"]
[BlackElo "2162"]
[Annotator "TA"]
[PlyCount "68"]
[EventDate "2019.03.14"]
[EventType "swiss"]
[EventCountry "BAN"]
[SourceTitle "playchess.com"]
[Source "ChessBase"]
[SourceQuality "1"]

{[%evp 20,68,78,80,127,132,159,150,145,145,202,130,127,124,148,87,147,106,97,49,56,44,55,54,97,89,89,89,87,95,105,97,95,45,70,-47,8,15,7,8,8,-137,-135,-264,-158,-399,-399,-389,-386,-1519,-1513]} 1. e4 d5 2. exd5 Qxd5 3. Nc3 Qa5 4. d4 c6 5. Nf3 Nf6 6. Ne5 Bf5 7. Bc4 e6 8. g4 Be4 9. O-O Bd5 {B01: Scandinavian Defence} 10. Bd3 Nbd7 11. f4 {LiveBook: 3 Games} Bb4 {White is better.} 12. Nxd5 Qxd5 13. c3 $146 {Black must now prevent Bc4.} ({Predecessor:} 13. Bc4 Qd6 14. c3 Ba5 15. Nxf7 Kxf7 16. f5 Nf8 17. fxe6+ Kg8 18. Qf3 b5 19. Bb3 h6 20. e7+ Kh7 21. Qd3+ Ng6 22. Bf7 Nd5 23. Bxh6 Ndxe7 24. Bg5 {1-0 (24) Lu,S (2562)-Yu,R (2559) China 2013}) 13... Ba5 14. Qe2 Bb6 (14... h6 $16 {is a better defense.} 15. Be3 Rd8) 15. Be3 Qd6 16. Nc4 Qe7 17. Nxb6 (17. f5 $142 $1) 17... Nxb6 (17... axb6 $142 18. Bd2 O-O) 18. Bd2 O-O-O 19. f5 {Hoping for fxe6.} e5 $1 20. Bf4 h5 21. g5 ({But not} 21. dxe5 Qc5+ 22. Be3 Qxe5 $11) 21... Nfd5 22. Qxe5 Qxe5 23. Bxe5 f6 24. gxf6 gxf6 25. Bg3 h4 26. Bf2 Nf4 27. Be4 ({White should try} 27. Bc2 $14) 27... Nc4 (27... Rde8 $1 $15 28. Rfe1 Nc4) 28. Be1 $1 $11 Nh3+ 29. Kh1 Ng5 30. Bc2 (30. Rf4 $11 {remains equal.}) 30... Ne3 $36 {[%mdl 2048] Black is in control.} 31. Rf2 {[#]} (31. Bd2 $17 Nxf1 32. Rxf1) 31... Rdg8 ({Better is} 31... Rhg8 $1 $19 32. h3 Nxh3) 32. Re2 $2 {[#]} (32. h3 $17 Nxh3 33. Re2 Rg1+ 34. Kh2) 32... Nf3 $1 $19 {[%csl Gf3][%cal Rg8g1]} 33. Bd2 ({Don't blunder} 33. Bf2 $2 Rg2 $19) 33... Nxc2 34. Bf4 $2 (34. Rf1 Nxd2 35. Rxd2) 34... Nxa1 {Precision: White = 26%, Black = 61%.} 0-1

[Event "Asian Zonal 3.2 2019"]
[Site "Dhaka"]
[Date "2019.03.20"]
[Round "2.6"]
[White "Shawket Bin, Osman Shaon"]
[Black "Murshed, Niaz"]
[Result "0-1"]
[WhiteElo "2111"]
[BlackElo "2406"]
[Annotator "TA"]
[PlyCount "104"]
[EventDate "2019.03.14"]
[EventType "swiss"]
[EventCountry "BAN"]
[SourceTitle "playchess.com"]
[Source "ChessBase"]
[SourceQuality "1"]

{[%evp 17,104,0,25,0,0,0,7,9,8,0,0,0,0,1,42,41,41,-31,-31,-44,-48,-46,-46,-42,-31,-31,-39,-51,-39,-77,-75,-85,-77,-85,-85,-93,-93,-87,-65,-89,-52,-52,-52,-52,-52,-66,-52,-90,-72,-98,-98,-91,-94,-117,-121,-164,-164,-393,-414,-510,-505,-624,-605,-620,-619,-597,-597,-731,-726,-717,-694,-706,-700,-688,-694,-684,-684,-1387,-1362,-1362,-1306,-1264,-1237,-1189,-1078,-1616,-1112,-4930,-4922]} 1. e4 c5 2. Nf3 e6 3. d4 cxd4 4. Nxd4 a6 5. c4 Nf6 6. Nc3 Bb4 7. Bd3 Qc7 8. O-O Nc6 9. Be3 {B41: Sicilian: Kan Variation: 5 c4} (9. Bc2 O-O 10. Kh1 Nxd4 11. Qxd4 Ng4 12. f4 Bc5 13. Qd3 d6 14. e5 f5 15. exf6 Nxf6 16. Ne4 Nxe4 17. Qxe4 {1-0 (36) Perunovic,M (2597)-Damljanovic,B (2495) Skopje 2018}) 9... Ne5 {LiveBook: 4 Games} 10. f3 Bxc3 11. bxc3 {The position is equal.} Nxc4 12. Bxc4 Qxc4 13. Nb3 O-O 14. Bc5 Re8 15. Qd6 $146 ({Predecessor:} 15. Qd4 d5 16. e5 {0-1 (39) Salman,M (2085)-Vasilevich,I (2378) Novokuznetsk 2008}) 15... a5 16. Nd2 Qa4 17. c4 (17. Bd4 $14) 17... Ra6 $36 {[%mdl 2048] White is under pressure.} 18. Bb6 Qc6 19. Qxc6 bxc6 20. Bc7 d5 21. e5 Nd7 22. Rfb1 a4 23. Rb4 Ra8 24. Bd6 c5 25. Rb2 Ba6 26. Rc1 Rec8 27. f4 g6 28. a3 Ra7 29. Kf2 Rb7 30. Rxb7 Bxb7 31. Rb1 Ba6 32. Ke3 Rc6 (32... dxc4 $6 33. Ne4 $11) (32... Bxc4 $6 33. Nxc4 dxc4 34. Rb7 $16) 33. h4 f6 {[%cal Bf7f6,Bf6f5][%mdl 32]} ({Of course not} 33... dxc4 34. Ne4 $11) ({Don't play} 33... Bxc4 $6 34. Nxc4 dxc4 35. Rb7 $11) 34. g4 Kf7 ({Much worse is} 34... dxc4 35. Ne4 $15) 35. g5 f5 36. Rc1 Nb6 37. cxd5 $2 {[#]} (37. Kf3) 37... Nxd5+ $19 38. Kf3 c4 {Black is clearly winning.} 39. Nf1 Rb6 40. Ne3 Rb3 41. Bc5 Bb7 42. Kf2 Nxf4 {[#] Hoping for ...Nd3+.} 43. Rxc4 Nd3+ 44. Kg1 Ba6 45. Rc2 Nxc5 46. Rxc5 Rxe3 {[%mdl 4096] Endgame KRB-KR} 47. Rc7+ Kg8 48. Ra7 Bb5 49. Ra8+ Kf7 50. Ra7+ Kf8 51. Rxh7 Rxa3 52. Rh8+ Kg7 {Precision: White = 32%, Black = 77%.} 0-1

[Event "Asian Zonal 3.2 2019"]
[Site "Dhaka"]
[Date "2019.03.20"]
[Round "2.7"]
[White "Mohammad Minhaz Uddin"]
[Black "S M Sharon"]
[Result "1-0"]
[WhiteElo "2279"]
[BlackElo "2106"]
[Annotator "TA"]
[PlyCount "185"]
[EventDate "2019.03.14"]
[EventType "swiss"]
[EventCountry "BAN"]
[SourceTitle "playchess.com"]
[Source "ChessBase"]
[SourceQuality "1"]

{[%evp 19,185,0,11,2,16,13,22,19,20,14,9,6,53,38,44,14,13,4,14,0,18,24,40,6,41,47,75,85,57,29,136,133,134,137,137,137,137,137,137,136,124,123,129,129,129,129,137,138,166,122,130,130,139,130,139,139,139,139,139,139,139,118,172,108,146,102,110,43,112,0,172,133,143,125,139,121,130,114,131,62,131,131,131,129,138,131,138,0,9,12,73,70,75,54,263,261,244,252,243,214,416,412,7402,7369,6338,6338,6348,6264,6159,1055,3769,3176,29967,29970,29970,29968,6006,1309,2777,2777,1492,1360,2553,2391,29968,5273,29974,29976,29969,29971,29972,29971,29966,29971,6079,5110,1832,1537,1066,8,8,8,1845,1516,1108,8,29975,29968,2032,902,29979,29980,29981,29982,29982,29983,29986,29987,29987,29988,29988,29989,29989,29990,29990,29991,29991,29992]} 1. e4 c5 2. Nf3 d6 3. d4 cxd4 4. Nxd4 Nf6 5. Nc3 g6 6. Bc4 Bg7 7. Bb3 O-O 8. h3 Bd7 9. O-O Nc6 10. Be3 Na5 11. Re1 {B72: Sicilian Dragon: 6 Be3, lines with h3+Bc4 and sidelines} a6 12. Qd2 b5 $146 ({Predecessor:} 12... Rc8 13. Bh6 Nc4 14. Bxc4 Rxc4 15. Bxg7 Kxg7 16. Nb3 b5 17. a3 Be6 18. Nd4 Bd7 19. Nb3 Bc6 20. e5 dxe5 21. Qxd8 Rxd8 {0-1 (57) Tissir,M (2413)-Guseinov,G (2631) Abu Dhabi 2013}) 13. Bh6 {The position is equal.} e5 14. Nf3 {Hoping for Bxg7.} Nxb3 15. axb3 {Strongly threatening Bxg7.} Bc6 16. Bg5 Qc7 17. Bxf6 Bxf6 18. Re2 Bg7 19. Rd1 $36 {[%mdl 2048] White has some pressure.} Rfd8 20. Nd5 Qb7 21. Qg5 Bxd5 (21... Re8 {keeps more tension.} 22. Nh2 Re6 23. Ng4 Kh8 24. Qh4 f6) 22. Rxd5 f5 23. Red2 fxe4 {[#]} 24. Nxe5 $1 {[%mdl 512]} Bxe5 (24... Qc7 $11 {keeps the balance.} 25. Ng4 Bxb2) (24... dxe5 25. Rxd8+) 25. Rxe5 $16 dxe5 26. Rxd8+ Rxd8 27. Qxd8+ {[%mdl 4096] Endgame KQ-KQ} Kf7 28. Qd6 e3 29. fxe3 (29. Qxe5 Qd7 $14) 29... Qe4 30. Qd3 Qc6 31. b4 h5 32. e4 Qb6+ 33. Kf1 Qf6+ 34. Ke2 Qg5 35. Qf3+ Ke7 36. Qf2 Ke8 37. Kd1 Qd8+ 38. Kc1 Qd6 39. Qg3 Kf7 40. Qf3+ Qf6 (40... Kg7 $16) 41. Qe2 (41. h4 $18) 41... Qd6 42. c3 Qb6 43. b3 (43. Kb1 $16) 43... Ke7 (43... Qg1+ $1 $14 44. Kb2 h4) 44. Qd2 ({Better is} 44. Qe1 $1 $16) 44... Qc6 $2 (44... Qg1+ $11 {and Black stays safe.} 45. Kb2 Qf1) 45. Qe3 Ke8 46. Kb2 Qd6 47. Kc2 Qc6 48. Qe2 Qd6 49. g4 (49. Qf2 $16) 49... hxg4 (49... h4 $1 $14) 50. Qxg4 Qf6 51. Qg2 Qc6 52. Qe2 Qb6 53. Qd2 ({White should try} 53. c4 $16) 53... Qg1 $1 $11 54. c4 {Black should prevent c5.} Qh1 (54... Qg3 $11) 55. Qd5 $16 {Qe6+ is the strong threat.} Qh2+ 56. Kb1 {aiming for Qe6+.} bxc4 $2 (56... Qxh3 $14 57. Qxe5+ Kd7) 57. Qe6+ $18 {[%mdl 64] Double Attack} (57. bxc4 $6 Qg3 $16) (57. Qxc4 Qxh3 58. Ka2 Ke7 $11) 57... Kf8 58. Qf6+ ({And not} 58. Qxc4 Qxh3 59. Kb2 Qd7 $11) (58. bxc4 Qh1+ 59. Kb2 Qxe4 $14) ({Inferior is} 58. Qxg6 cxb3 59. Qf6+ Kg8 $11) 58... Ke8 59. Qxg6+ Kd7 $2 (59... Ke7 60. Qg7+ (60. bxc4 Qh1+ 61. Kc2 Qh2+ 62. Kb3 Qxh3+ 63. Ka4 Qd7+ 64. Ka5 Qc7+ 65. Qb6 Qc8 $18) 60... Kd8) 60. bxc4 Qd2 (60... Qh1+ $142 61. Kc2 Qh2+ 62. Kb3 Qxh3+ 63. Ka4 Qc3 64. Qxa6 Qc2+ 65. Kb5 Qxe4) 61. Qf7+ Kc8 62. Qe6+ Kb8 63. Qxe5+ Ka7 64. Qc5+ Kb8 65. Qb6+ {[%mdl 64] Double Attack} Ka8 66. Qxa6+ Kb8 67. Qb5+ Ka7 68. Qa4+ Kb8 69. Qc2 Qd4 70. Ka2 Kc7 71. h4 Qh8 72. Qh2+ (72. Qd3 $142 Qxh4 73. Kb3 Qe1 74. b5 Kb6 75. Qd4+ Kc7 76. e5 Qb1+ 77. Ka4) 72... Kc8 73. e5 Qh5 74. b5 Qd1 75. Ka3 Qc1+ 76. Kb3 Qe3+ 77. Kb4 Qe1+ 78. Kc5 Qe3+ {[#]} 79. Kd6 $2 (79. Kc6 $1 $18 Qe4+ 80. Kc5 Qe3+ 81. Kb4) 79... Qd4+ $11 80. Ke7 Qc5+ $2 {[%mdl 8192]} (80... Qd8+ $11 81. Ke6 Qd7+ 82. Kf6 Qd8+ 83. Kg6 Qe8+ 84. Kh6 Qf8+ 85. Kg6 Qg8+ 86. Kf5 Qf7+ 87. Kg4 Qd7+ 88. Kf4 Qd4+ 89. Kg5 Qd8+ 90. Kh5 Qe8+ 91. Kg4 Qd7+ 92. Kg3 Qd3+ 93. Kg4 Qd1+ 94. Kg5 Qd8+ 95. Kh5 Qe8+ 96. Kg4 Qd7+) 81. Kf7 $18 Qc7+ {[#]} 82. Kf6 $2 (82. Kg6 $1 $18 {And now Qh3+ would win.} Qxc4 83. Qh3+ Kc7 84. e6) 82... Qxc4 $2 {[%mdl 8192]} (82... Qd8+ $11 83. Kg6 Qe8+ 84. Kf5 Qf7+ 85. Kg4 Qd7+ 86. Kg5 Qd8+ 87. Kh5 Qe8+ 88. Kg4 Qd7+ 89. e6 Qxe6+ 90. Kf3 Qxc4) 83. h5 Qf1+ 84. Kg7 Qxb5 85. Qh3+ {White mates.} Kd8 86. Qf5 Qb7+ 87. Kg6 Ke8 88. Qe6+ Kf8 89. Qf6+ Ke8 90. Qh8+ Kd7 91. Qg7+ Kc6 92. Qxb7+ Kxb7 93. h6 {Accuracy: White = 60%, Black = 37%.} 1-0

[Event "Asian Zonal 3.2 2019"]
[Site "Dhaka"]
[Date "2019.03.20"]
[Round "2.8"]
[White "Ahmed, Mahtabuddin"]
[Black "Mohammad Fahad, Rahman"]
[Result "0-1"]
[WhiteElo "2097"]
[BlackElo "2278"]
[Annotator "TA"]
[PlyCount "79"]
[EventDate "2019.03.14"]
[EventType "swiss"]
[EventCountry "BAN"]
[SourceTitle "playchess.com"]
[Source "ChessBase"]
[SourceQuality "1"]

{[%evp 20,79,0,-25,1,-17,-17,-24,-17,-59,-59,-67,-54,-54,-46,-46,-47,-59,-59,-69,-68,-68,-65,-64,-60,-71,-70,-71,-68,-64,-31,-43,-38,-68,-68,-72,-37,-83,-83,-83,-83,-90,-90,-95,-95,-109,-109,-109,-109,-109,-84,-148,-148,-148,-148,-148,-122,-122,-122,-400,-400,-455]} 1. Nf3 d5 2. g3 Nf6 3. Bg2 c5 4. d3 Nc6 5. Nbd2 e6 6. e4 Be7 7. O-O O-O 8. b3 {C00: French: Unusual White 2nd moves} (8. Re1 b5 9. a4 b4 10. e5 Nd7 11. Nf1 b3 12. c4 dxc4 13. dxc4 Rb8 14. Bd2 Qc7 15. Bc3 Rd8 16. N1d2 Bb7 17. Qe2 Ba8 {1-0 (57) Malakhov,V (2654)-Salgado Lopez,I (2624) Germany 2019}) 8... b6 9. Bb2 Bb7 10. Re1 Qc7 11. exd5 {LiveBook: 3 Games} Nxd5 12. Ne5 Bf6 {[%cal Rf6e5]} 13. Ndf3 Rac8 $146 ({Predecessor:} 13... Rad8 14. Qc1 Nd4 15. Nxd4 Bxe5 16. Rxe5 cxd4 17. Bxd4 {0-1 (51) Gruzdev,A (1680)-Kozlov,V (2209) Uljanovsk 2009}) 14. c4 Nde7 15. Qe2 Nxe5 16. Nxe5 Bxg2 17. Kxg2 Nc6 18. Nxc6 {[#] Black must now prevent Ne5.} Qxc6+ 19. f3 Bxb2 20. Qxb2 Rfd8 21. Rad1 Rd4 22. Kf2 Rcd8 23. Re3 $1 h5 24. Qe2 Qd6 25. f4 g6 26. Qf3 Qd7 27. Ke2 b5 {Threatens to win with ...bxc4.} 28. cxb5 Qxb5 29. Re4 a5 30. Rxd4 Rxd4 $17 {[%mdl 4096] Endgame KQR-KQR} 31. Rc1 a4 32. Rc3 Qa5 33. Rc2 axb3 34. axb3 Qb4 35. Rc4 (35. Qa8+ $142 Kg7 36. Rc4 Qxb3 37. Rxd4 Qb2+ 38. Kf1 cxd4 39. Qe4) 35... Qxb3 36. Rxd4 Qb2+ 37. Kf1 Qxd4 38. h4 Kg7 39. Ke2 $2 {[%mdl 8192] [#]} (39. Qe2 $17 {was forced.}) 39... Kf6 $19 40. Kf1 {Precision: White = 41%, Black = 58%.} 0-1